000 00714nam a22002417a 4500
003 UA-OsUOA
001 89311
007 ta
008 20121105b un ||||| |||| 00| 0 ukr d
100 _aДмитрук К.
090 _a821.161.2
_bД 53
942 _cBK
040 _aUA-OsUOA
_bukr
_cUA-OsUOA
_dUA-OsUOA
245 _aКорнієнко, капітан держбезпеки
_bслідами невідомого подвигу
300 _a432 с.
955 _a3
041 _aukr
080 _a821.161.2
020 _a5-319-00211-4
260 _aК.
_bПолітвидав України
_c1989
650 7 _a82 Література. Літературознавство
_2UDC
999 _c375589
_d375589